| 000 | 00808nam a22002537a 4500 | ||
|---|---|---|---|
| 003 | OSt | ||
| 005 | 20230705075952.0 | ||
| 008 | 230705b |||||||| |||| 00| 0 eng d | ||
| 020 | _a9781472292353 | ||
| 040 |
_cNIRUC _dNIRUC |
||
| 050 |
_aHV 6592 _b. B87 2021 |
||
| 100 |
_aBurke, Tarana. _eauthor. |
||
| 245 |
_aUnbound : _bMy story of liberation and the birth of the me too movement / _cTarana Burke, |
||
| 260 |
_aUK. _bHeadline Publishing Group, _c2021. |
||
| 300 |
_a258p, : _c20 cm. |
||
| 650 |
_2Sexual harassment of women _aUnited States |
||
| 650 | _2African American women--Social conditions | ||
| 650 | _2African American women | ||
| 650 | _2Women political activists | ||
| 650 | _2Minority women activists | ||
| 650 | _2MeToo movement | ||
| 650 | _2Sexual abuse victims | ||
| 942 |
_2lcc _cBK _n0 |
||
| 999 |
_c457 _d457 |
||